Quiz Cultura Generale - Quiz n°5 - Statistics

Statistiche generali
  • Questo quiz è stato fatto 304 volte
  • Il punteggio medio è 7 su 15
Statistiche sulle risposte
Domanda Risposta % Corretto
Chi era il Dio del mare, dei terremoti e dei maremoti nella mitologia greca? Poseidone
94%
Qual è l'unico stato degli Stati Uniti d'America che inizia con la lettera F? Florida
86%
Quanti centimetri cubo ci sono in un metro cubo? 1 000 000
70%
Per cosa deve essere moltiplicato il diametro per trovare la circonferenza? π
68%
Quanti punti servono per conquistare un set a pallavolo (tie-break escluso)? 25
66%
In quale nazione si sono giocati i Campionati mondiali di calcio del 2006? Germania
61%
Quale sacramento della Chiesa cattolica, ortodossa ed anglicana è anche detto Confermazione? Cresima
50%
Qual è il capoluogo dell'Andalusia? Siviglia
48%
In che anno si sono svolti i Giochi olimpici estivi a Roma? 1960
35%
Quale serie cinematografica degli anni '80 è ambientata nei seguenti anni: 1885; 1955; 1985 e 2015? Ritorno al futuro
34%
Qual è il soprannome più iconico di Bruce Springsteen? The Boss
33%
Come viene chiamato il XIX concilio ecumenico della Chiesa Cattolica, convocato per reagire alla diffusione della riforma protestante in Europa? Concilio di Trento
26%
Nella tassonomia linneana cosa troviamo tra la famiglia e la classe? Ordine
13%
Qual è il nome dello stadio della Cremonese? Stadio Giovanni Zini
12%
Quale batterio causa la Febbre tifoide? Salmonella enterica
1%
Nessun quiz corrispondente trovato
Distribuzione punteggi
Percentuale di utenti per punteggio
Percentile per numero di risposta
I tuoi punteggi nel tempo
Non hai fatto questo quiz